| 000 | 00896nam a2200289 i 4500 | ||
|---|---|---|---|
| 003 | CO-BoRNBP | ||
| 005 | 20220316235940.0 | ||
| 007 | ta | ||
| 008 | 200427s1996 sp ao sgr sp s0 spa d | ||
| 020 | _a8480550732 | ||
| 040 |
_aCO-BoRNBP _bspa _cCO-BoRNBP _erda |
||
| 041 | 0 | _aspa | |
| 082 | 0 | 4 |
_aR 577.0223 _bA74 _223 |
| 245 | 0 | 0 |
_aAtlas de ecología _bnuestro planeta |
| 246 |
_aAtlas nuestro planeta _bEcología |
||
| 250 | _aPrimera edición | ||
| 264 | 1 |
_aBarcelona, España _bCultural _bThema _c1996 |
|
| 300 |
_a112 páginas _bilustraciones, fotografías a color _c34 cm _e1 CD-ROM |
||
| 336 |
_atexto _btxt _2rdacontent |
||
| 337 |
_asin mediación _bn _2rdamedia |
||
| 338 |
_avolumen _bnc _2rdacarrier |
||
| 500 | _aIncluye índice | ||
| 650 | 1 | 7 |
_aEcología _xEnseñanza _vAtlas _2ARMARC |
| 650 | 1 | 7 |
_aEcosistemas _vAtlas _2ARMARC |
| 650 | 1 | 7 |
_aCiencias naturales _2ARMARC |
| 942 |
_2ddc _cREF |
||
| 999 |
_c2697 _d2697 |
||